[Event "The Irish Championship 2020"]
[Site "Colaiste Eanna, Dublin, Ireland"]
[Date "2020.08.04"]
[Round "4"]
[Board "5"]
[White "Brady, Stephen"]
[Black "Carroll, Peter"]
[Result "1-0"]
[WhiteElo "2290"]
[BlackElo "2009"]
[PlyCount "0"]
[EventDate "2020.08.01"]
[EventRounds "9"]
[EventCountry "IRL"]

1. Nf3 {[%clk 02:15:19]} {[%emt 00:00:50]} Nf6 {[%clk 02:15:28]} {[%emt
00:00:43]} 2. g3 {[%clk 02:15:41]} {[%emt 00:00:13]} b5 {[%clk 02:15:57]}
{[%emt 00:00:06]} 3. Bg2 {[%clk 02:15:59]} {[%emt 00:00:16]} Bb7 {[%clk
02:16:23]} {[%emt 00:00:10]} 4. d4 {[%clk 02:15:55]} {[%emt 00:00:38]} e6
{[%clk 02:16:50]} {[%emt 00:00:09]} 5. O-O {[%clk 02:16:04]} {[%emt 00:00:26]}
c5 {[%clk 02:17:14]} {[%emt 00:00:12]} 6. a4 {[%clk 02:16:04]} {[%emt
00:00:34]} b4 {[%clk 02:17:42]} {[%emt 00:00:07]} 7. c3 {[%clk 02:15:49]}
{[%emt 00:00:49]} a5 {[%clk 02:17:46]} {[%emt 00:00:32]} 8. Bg5 {[%clk
02:07:33]} {[%emt 00:08:50]} Be7 {[%clk 02:09:20]} {[%emt 00:09:02]} 9. Nbd2
{[%clk 01:56:16]} {[%emt 00:11:52]} cxd4 {[%clk 02:04:05]} {[%emt 00:05:50]} 10.
cxd4 {[%clk 01:56:05]} {[%emt 00:00:47]} O-O {[%clk 02:00:10]} {[%emt
00:04:29]} 11. Rc1 {[%clk 01:49:47]} {[%emt 00:06:53]} d5 {[%clk 01:47:46]}
{[%emt 00:12:59]} 12. Ne5 {[%clk 01:32:22]} {[%emt 00:18:00]} Qd6 {[%clk
01:44:29]} {[%emt 00:03:52]} 13. Nb3 {[%clk 01:27:26]} {[%emt 00:05:31]} Nbd7
{[%clk 01:39:14]} {[%emt 00:05:50]} 14. Bf4 {[%clk 01:16:14]} {[%emt 00:11:47]}
Qa6 {[%clk 01:36:25]} {[%emt 00:03:27]} 15. Rc7 {[%clk 01:10:26]} {[%emt
00:06:23]} Rfd8 {[%clk 01:35:04]} {[%emt 00:01:56]} 16. Qd2 {[%clk 01:04:40]}
{[%emt 00:06:21]} Bd6 {[%clk 01:29:07]} {[%emt 00:11:24]} 17. Nxd7 {[%clk
00:42:50]} {[%emt 00:17:32]} Rxd7 {[%clk 01:29:13]} {[%emt 00:00:30]} 18. Rxd7
{[%clk 00:35:04]} {[%emt 00:08:21]} Nxd7 {[%clk 01:29:23]} {[%emt 00:00:25]} 19.
Rc1 {[%clk 00:33:06]} {[%emt 00:02:33]} Qb6 {[%clk 01:20:22]} {[%emt 00:09:35]}
20. Bxd6 {[%clk 00:31:53]} {[%emt 00:01:48]} Qxd6 {[%clk 01:20:24]} {[%emt
00:00:33]} 21. Nc5 {[%clk 00:32:25]} {[%emt 00:00:03]} Nxc5 {[%clk 01:19:12]}
{[%emt 00:01:48]} 22. Rxc5 {[%clk 00:32:57]} {[%emt 00:00:03]} Qd7 {[%clk
01:13:46]} {[%emt 00:06:01]} 23. b3 {[%clk 00:32:18]} {[%emt 00:01:13]} Qd8
{[%clk 01:13:15]} {[%emt 00:01:06]} 24. e3 {[%clk 00:31:01]} {[%emt 00:01:52]}
Rc8 {[%clk 01:13:14]} {[%emt 00:00:36]} 25. Qc2 {[%clk 00:29:07]} {[%emt
00:02:29]} Ba6 {[%clk 01:12:16]} {[%emt 00:01:33]} 26. Bf1 {[%clk 00:28:10]}
{[%emt 00:01:32]} Rxc5 {[%clk 01:12:13]} {[%emt 00:00:39]} 27. dxc5 {[%clk
00:28:30]} {[%emt 00:00:14]} Bxf1 {[%clk 01:12:39]} {[%emt 00:00:10]} 28. Kxf1
{[%clk 00:29:03]} {[%emt 00:00:02]} Qc7 {[%clk 01:12:33]} {[%emt 00:00:40]} 29.
c6 {[%clk 00:28:38]} {[%emt 00:00:59]} f6 {[%clk 01:12:51]} {[%emt 00:00:19]}
30. Qc5 {[%clk 00:28:43]} {[%emt 00:00:30]} Kf7 {[%clk 01:13:14]} {[%emt
00:00:11]} 31. h4 {[%clk 00:28:40]} {[%emt 00:00:39]} h5 {[%clk 01:11:52]}
{[%emt 00:01:56]} 32. Ke2 {[%clk 00:28:42]} {[%emt 00:00:33]} Ke8 {[%clk
01:09:13]} {[%emt 00:03:14]} 33. f4 {[%clk 00:28:27]} {[%emt 00:00:50]} g6
{[%clk 01:04:38]} {[%emt 00:05:11]} 34. Kf3 {[%clk 00:28:29]} {[%emt 00:00:33]}
Kf7 {[%clk 01:04:04]} {[%emt 00:01:08]} 35. Kf2 {[%clk 00:26:12]} {[%emt
00:02:53]} Ke8 {[%clk 01:04:22]} {[%emt 00:00:16]} 36. Kg2 {[%clk 00:26:41]}
{[%emt 00:00:06]} Kf7 {[%clk 01:04:51]} {[%emt 00:00:07]} 37. Kf3 {[%clk
00:27:02]} {[%emt 00:00:13]} Ke8 {[%clk 01:05:04]} {[%emt 00:00:22]} 38. g4
{[%clk 00:26:46]} {[%emt 00:00:51]} hxg4+ {[%clk 01:04:54]} {[%emt 00:00:45]}
39. Kxg4 {[%clk 00:27:16]} {[%emt 00:00:06]} Kf7 {[%clk 01:05:01]} {[%emt
00:00:28]} 40. Kg3 {[%clk 00:20:26]} {[%emt 00:07:24]} f5 {[%clk 00:59:30]}
{[%emt 00:06:07]} 41. Kf3 {[%clk 00:20:26]} {[%emt 00:00:35]} Ke8 {[%clk
00:59:54]} {[%emt 00:00:11]} 42. Kg2 {[%clk 00:20:52]} {[%emt 00:00:08]} Kf7
{[%clk 01:00:25]} {[%emt 00:00:05]} 43. Kf3 {[%clk 00:21:21]} {[%emt 00:00:06]}
Ke8 {[%clk 01:00:46]} {[%emt 00:00:15]} 44. Ke2 {[%clk 00:21:50]} {[%emt
00:00:06]} Kf7 {[%clk 01:01:15]} {[%emt 00:00:06]} 45. Kd3 {[%clk 00:18:50]}
{[%emt 00:03:35]} Ke8 {[%clk 01:01:42]} {[%emt 00:00:07]} 46. Kc2 {[%clk
00:18:32]} {[%emt 00:00:54]} Kf7 {[%clk 01:02:11]} {[%emt 00:00:06]} 47. Kd2
{[%clk 00:19:02]} {[%emt 00:00:05]} Ke8 {[%clk 01:02:36]} {[%emt 00:00:10]} 48.
Kd3 {[%clk 00:19:34]} {[%emt 00:00:04]} Kf7 {[%clk 01:01:13]} {[%emt 00:01:57]}
49. Qb5 {[%clk 00:17:56]} {[%emt 00:02:13]} Ke8 {[%clk 01:01:20]} {[%emt
00:00:28]} 50. Qb7 {[%clk 00:15:37]} {[%emt 00:02:53]} Kd8 {[%clk 01:01:40]}
{[%emt 00:00:15]} 51. Kd4 {[%clk 00:16:06]} {[%emt 00:00:07]} Qd6 {[%clk
00:57:54]} {[%emt 00:04:21]} 52. Qa8+ {[%clk 00:11:36]} {[%emt 00:05:04]}  1-0

[Event "The Irish Championship 2020"]
[Site "Colaiste Eanna, Dublin, Ireland"]
[Date "2020.08.04"]
[Round "4"]
[Board "6"]
[White "Murray, David"]
[Black "Lyons, Brendan"]
[Result "1-0"]
[WhiteElo "2152"]
[BlackElo "1941"]
[PlyCount "0"]
[EventDate "2020.08.01"]
[EventRounds "9"]
[EventCountry "IRL"]

1. e4 {[%clk 02:16:06]} {[%emt 00:00:04]} d5 {[%clk 01:55:35]} {[%emt
00:20:36]} 2. exd5 {[%clk 02:16:32]} {[%emt 00:00:09]} Nf6 {[%clk 01:55:31]}
{[%emt 00:00:39]} 3. d4 {[%clk 02:16:55]} {[%emt 00:00:11]} Bg4 {[%clk
01:55:55]} {[%emt 00:00:11]} 4. Bb5+ {[%clk 02:16:32]} {[%emt 00:00:59]} Nbd7
{[%clk 01:56:11]} {[%emt 00:00:19]} 5. f3 {[%clk 02:16:41]} {[%emt 00:00:25]}
Bf5 {[%clk 01:55:48]} {[%emt 00:00:57]} 6. Nc3 {[%clk 02:15:00]} {[%emt
00:02:16]} a6 {[%clk 01:54:17]} {[%emt 00:02:06]} 7. Ba4 {[%clk 02:15:01]}
{[%emt 00:00:34]} b5 {[%clk 01:54:44]} {[%emt 00:00:07]} 8. Bb3 {[%clk
02:15:27]} {[%emt 00:00:10]} Nb6 {[%clk 01:55:15]} {[%emt 00:00:04]} 9. Nge2
{[%clk 02:13:33]} {[%emt 00:02:29]} Nfxd5 {[%clk 01:55:18]} {[%emt 00:00:31]}
10. Nxd5 {[%clk 02:12:48]} {[%emt 00:01:20]} Nxd5 {[%clk 01:55:48]} {[%emt
00:00:06]} 11. O-O {[%clk 02:07:52]} {[%emt 00:05:31]} g6 {[%clk 01:55:16]}
{[%emt 00:01:07]} 12. a4 {[%clk 02:04:04]} {[%emt 00:04:24]} b4 {[%clk
01:50:07]} {[%emt 00:05:43]} 13. Ng3 {[%clk 02:03:08]} {[%emt 00:01:30]} Bc8
{[%clk 01:49:44]} {[%emt 00:00:56]} 14. Qe1 {[%clk 01:48:57]} {[%emt 00:14:47]}
Bg7 {[%clk 01:44:45]} {[%emt 00:05:35]} 15. Qe4 {[%clk 01:47:34]} {[%emt
00:01:58]} Bb7 {[%clk 01:36:43]} {[%emt 00:08:37]} 16. Bg5 {[%clk 01:38:05]}
{[%emt 00:10:04]} Rb8 {[%clk 01:14:01]} {[%emt 00:23:20]} 17. Rfe1 {[%clk
01:31:48]} {[%emt 00:06:52]} O-O {[%clk 00:57:08]} {[%emt 00:17:28]} 18. Qh4
{[%clk 01:30:06]} {[%emt 00:02:16]} Re8 {[%clk 00:53:54]} {[%emt 00:03:49]} 19.
Rad1 {[%clk 01:28:13]} {[%emt 00:02:27]} Nf6 {[%clk 00:30:21]} {[%emt
00:24:08]} 20. Ne4 {[%clk 01:23:44]} {[%emt 00:05:05]} Nxe4 {[%clk 00:29:36]}
{[%emt 00:01:20]} 21. fxe4 {[%clk 01:23:09]} {[%emt 00:01:09]} Qd7 {[%clk
00:15:29]} {[%emt 00:14:42]} 22. Bxf7+ {[%clk 01:17:58]} {[%emt 00:05:47]} Kxf7
{[%clk 00:12:23]} {[%emt 00:03:40]} 23. Qxh7 {[%clk 01:18:11]} {[%emt
00:00:22]} Rg8 {[%clk 00:05:26]} {[%emt 00:07:32]} 24. Rf1+ {[%clk 01:15:59]}
{[%emt 00:02:47]} Ke6 {[%clk 00:05:10]} {[%emt 00:00:51]} 25. Qh3+ {[%clk
01:14:27]} {[%emt 00:02:07]} Kd6 {[%clk 00:05:14]} {[%emt 00:00:30]} 26. Bf4+
{[%clk 01:14:46]} {[%emt 00:00:18]}  1-0

[Event "The Irish Championship 2020"]
[Site "Colaiste Eanna, Dublin, Ireland"]
[Date "2020.08.04"]
[Round "4"]
[Board "7"]
[White "Collins, Adam"]
[Black "Flynn, Jacob"]
[Result "1/2-1/2"]
[WhiteElo "1760"]
[BlackElo "2114"]
[PlyCount "0"]
[EventDate "2020.08.01"]
[EventRounds "9"]
[EventCountry "IRL"]

1. e4 {[%clk 02:16:01]} {[%emt 00:00:07]} c6 {[%clk 02:16:08]} {[%emt
00:00:03]} 2. d4 {[%clk 02:16:29]} {[%emt 00:00:07]} d5 {[%clk 02:16:39]}
{[%emt 00:00:04]} 3. Nc3 {[%clk 02:17:02]} {[%emt 00:00:02]} dxe4 {[%clk
02:17:08]} {[%emt 00:00:05]} 4. Nxe4 {[%clk 02:17:34]} {[%emt 00:00:03]} Nf6
{[%clk 02:17:12]} {[%emt 00:00:33]} 5. Nxf6+ {[%clk 02:18:04]} {[%emt
00:00:04]} exf6 {[%clk 02:17:42]} {[%emt 00:00:05]} 6. c3 {[%clk 02:16:35]}
{[%emt 00:02:04]} Bd6 {[%clk 02:17:56]} {[%emt 00:00:20]} 7. Nf3 {[%clk
02:16:50]} {[%emt 00:00:21]} O-O {[%clk 02:18:22]} {[%emt 00:00:10]} 8. Be2
{[%clk 02:17:05]} {[%emt 00:00:19]} Re8 {[%clk 02:18:01]} {[%emt 00:00:55]} 9.
O-O {[%clk 02:16:17]} {[%emt 00:01:23]} Bg4 {[%clk 02:18:11]} {[%emt 00:00:26]}
10. Be3 {[%clk 02:15:19]} {[%emt 00:01:33]} Nd7 {[%clk 02:16:14]} {[%emt
00:02:31]} 11. Qc2 {[%clk 02:06:22]} {[%emt 00:09:32]} Qc7 {[%clk 02:15:16]}
{[%emt 00:01:35]} 12. h3 {[%clk 02:05:57]} {[%emt 00:00:59]} Bh5 {[%clk
02:15:47]} {[%emt 00:00:04]} 13. Rfe1 {[%clk 02:03:53]} {[%emt 00:02:38]} Nf8
{[%clk 02:09:16]} {[%emt 00:07:06]} 14. Nh4 {[%clk 01:53:07]} {[%emt 00:11:21]}
Bxe2 {[%clk 01:52:24]} {[%emt 00:17:27]} 15. Rxe2 {[%clk 01:52:52]} {[%emt
00:00:51]} g6 {[%clk 01:44:43]} {[%emt 00:08:16]} 16. Rae1 {[%clk 01:44:28]}
{[%emt 00:09:00]} Ne6 {[%clk 01:28:03]} {[%emt 00:17:14]} 17. Bh6 {[%clk
01:22:01]} {[%emt 00:23:05]} Qa5 {[%clk 01:14:41]} {[%emt 00:21:14]} 18. Nxg6
{[%clk 01:00:27]} {[%emt 00:14:52]} Qh5 {[%clk 01:09:22]} {[%emt 00:05:54]} 19.
Bf4 {[%clk 01:00:27]} {[%emt 00:00:34]} hxg6 {[%clk 00:51:26]} {[%emt
00:18:33]} 20. Bxd6 {[%clk 01:00:53]} {[%emt 00:00:10]} Qd5 {[%emt 00:12:13]}
 1/2-1/2

[Event "The Irish Championship 2020"]
[Site "Colaiste Eanna, Dublin, Ireland"]
[Date "2020.08.04"]
[Round "4"]
[Board "9"]
[White "Collins, Sam"]
[Black "Daly, Colm"]
[Result "1/2-1/2"]
[WhiteElo "2459"]
[BlackElo "2248"]
[PlyCount "0"]
[EventDate "2020.08.01"]
[EventRounds "9"]
[EventCountry "IRL"]

1. e4 {[%emt 00:04:45]} e5 {[%emt 00:28:57]} 2. Nf3 {[%emt 00:00:19]} Nc6
{[%emt 00:00:27]} 3. Bb5 {[%emt 00:01:40]} a6 {[%emt 00:00:35]} 4. Ba4 {[%emt
00:00:37]} Nf6 {[%emt 00:00:23]} 5. O-O {[%emt 00:00:44]} Be7 {[%emt 00:00:46]}
6. Re1 {[%emt 00:00:35]} b5 {[%emt 00:00:36]} 7. Bb3 {[%emt 00:00:06]} d6
{[%emt 00:00:32]} 8. c3 {[%emt 00:01:45]} O-O {[%emt 00:00:26]} 9. h3 {[%emt
00:00:25]} Nb8 {[%emt 00:00:43]} 10. d4 {[%emt 00:00:28]} Nbd7 {[%emt
00:00:22]} 11. Nbd2 {[%emt 00:00:13]} Bb7 {[%emt 00:01:00]} 12. Bc2 {[%emt
00:00:36]} Re8 {[%emt 00:05:51]} 13. Nf1 {[%emt 00:00:43]} Bf8 {[%emt
00:00:30]} 14. Ng3 {[%emt 00:00:28]} g6 {[%emt 00:00:21]} 15. Bg5 {[%emt
00:05:09]} h6 {[%emt 00:02:08]} 16. Bd2 {[%emt 00:00:22]} c5 {[%emt 00:06:42]}
17. d5 {[%emt 00:00:38]} c4 {[%emt 00:07:03]} 18. Qc1 {[%emt 00:00:17]} Kh7
{[%emt 00:03:33]} 19. Nh2 {[%emt 00:08:03]} Bc8 {[%emt 00:16:39]} 20. a4 {[%emt
00:16:54]} Rb8 {[%emt 00:11:37]} 21. axb5 {[%emt 00:01:05]} axb5 {[%emt
00:00:28]} 22. Rf1 {[%emt 00:00:49]} Bg7 {[%emt 00:13:06]} 23. f3 {[%emt
00:00:59]} Qe7 {[%emt 00:12:08]} 24. Be3 {[%emt 00:08:29]} Nc5 {[%emt
00:09:59]} 25. Qd2 {[%emt 00:05:41]} Nfd7 {[%emt 00:12:11]} 26. Rf2 {[%emt
00:17:24]} Rf8 {[%emt 00:06:11]} 27. Rff1 {[%emt 00:08:31]} Re8 {[%emt
00:00:35]} 28. h4 {[%emt 00:04:45]} h5 {[%emt 00:17:57]} 29. Bg5 {[%emt
00:02:54]} Bf6 {[%emt 00:00:19]} 30. f4 {[%emt 00:06:39]} exf4 {[%emt
00:02:33]} 31. Bxf6 {[%emt 00:01:54]} Nxf6 {[%emt 00:01:41]} 32. Qxf4 {[%emt
00:03:37]} Kg7 {[%emt 00:03:33]} 33. Rae1 {[%emt 00:11:58]} Rb7 {[%emt
00:00:38]} 34. Qg5 {[%emt 00:01:42]} Nh7 {[%emt 00:04:06]} 35. Nxh5+ {[%emt
00:01:49]} Kh8 {[%emt 00:00:36]} 36. Qxe7 {[%emt 00:01:33]} Rbxe7 {[%emt
00:00:49]} 37. Nf6 {[%emt 00:00:42]} Nxf6 {[%emt 00:00:49]} 38. Rxf6 {[%emt
00:00:04]} Rd8 {[%emt 00:00:18]} 39. Nf3 {[%emt 00:05:05]} Kg7 {[%emt
00:00:20]} 40. Rf4 {[%emt 00:00:16]} Rde8 {[%emt 00:00:36]} 41. Nd4 {[%emt
00:00:39]} Bd7 {[%emt 00:00:23]} 42. Ref1 {[%emt 00:01:56]} Ra8 {[%emt
00:00:16]} 43. Rf6 {[%emt 00:01:09]} Ra6 {[%emt 00:00:13]} 44. g4 {[%emt
00:03:30]} Bxg4 {[%emt 00:03:12]} 45. Nc6 {[%emt 00:01:05]} Rc7 {[%emt
00:02:08]} 46. Nb4 {[%emt 00:02:16]} Rb6 {[%emt 00:00:31]} 47. e5 {[%emt
00:00:16]} Be2 {[%emt 00:00:32]} 48. Rxd6 {[%emt 00:00:47]} Rxd6 49. exd6 Rd7
{[%emt 00:00:47]} 50. Re1 {[%emt 00:00:46]} Bd3 {[%emt 00:00:16]} 51. Nxd3
{[%emt 00:01:43]} cxd3 {[%emt 00:00:19]} 52. b4 {[%emt 00:00:17]} Nb7 {[%emt
00:02:04]} 53. Bxd3 {[%emt 00:00:05]} Nxd6 {[%emt 00:00:12]} 54. Kf2 {[%emt
00:00:31]} Rc7 {[%emt 00:00:13]} 55. Rc1 {[%emt 00:00:14]} Kf6 {[%emt
00:00:10]} 56. Ke3 {[%emt 00:01:24]} Ke5 {[%emt 00:00:09]} 57. Kd2 {[%emt
00:00:43]} Ne4+ {[%emt 00:01:47]} 58. Bxe4 {[%emt 00:00:23]} Kxe4 {[%emt
00:00:08]} 59. c4 {[%emt 00:00:38]} bxc4 {[%emt 00:00:23]} 60. d6 {[%emt
00:00:09]} Rc6 {[%emt 00:01:44]} 61. Kc3 {[%emt 00:00:58]} Rxd6 {[%emt
00:00:21]} 62. Re1+ {[%emt 00:00:33]} Kf5 {[%emt 00:01:40]} 63. Rf1+ {[%emt
00:00:27]} Kg4 {[%emt 00:01:11]} 64. Rxf7 {[%emt 00:00:01]} Kxh4 {[%emt
00:00:20]} 65. Rh7+ {[%emt 00:00:29]} Kg4 {[%emt 00:00:45]} 66. Kxc4 {[%emt
00:00:06]} g5 {[%emt 00:00:15]} 67. b5 {[%emt 00:00:18]} Kf4 {[%emt 00:00:18]}
68. Rf7 {[%emt 00:00:22]} Ke4 {[%emt 00:00:42]} 69. Rg7 {[%emt 00:00:10]} Kf4
{[%emt 00:00:15]} 70. Kc5 {[%emt 00:00:05]} Rd1 {[%emt 00:00:12]} 71. b6 {[%emt
00:01:06]} Rc1+ {[%emt 00:00:13]} 72. Kd6 {[%emt 00:00:37]} Rd1+ {[%emt
00:00:33]} 73. Kc7 {[%emt 00:00:18]} Rc1+ {[%emt 00:01:33]} 74. Kd8 {[%emt
00:00:12]} Rb1 {[%emt 00:00:51]} 75. Rf7+ {[%emt 00:00:52]} Ke4 {[%emt
00:00:50]} 76. Re7+ {[%emt 00:00:22]} Kf4 {[%emt 00:00:23]} 77. Kc7 {[%emt
00:01:00]} g4 {[%emt 00:01:02]} 78. b7 {[%emt 00:00:31]} g3 {[%emt 00:00:48]}
79. b8=Q {[%emt 00:00:36]} Rxb8 {[%emt 00:00:21]} 80. Kxb8 {[%emt 00:00:04]} g2
{[%emt 00:00:53]} 81. Rg7 {[%emt 00:00:06]} Kf3 {[%emt 00:00:12]} 82. Rxg2
{[%emt 00:00:03]} Kxg2 {[%emt 00:00:12]}  1/2-1/2

[Event "The Irish Championship 2020"]
[Site "Colaiste Eanna, Dublin, Ireland"]
[Date "2020.08.04"]
[Round "4"]
[Board "10"]
[White "Delaney, Killian"]
[Black "O'Connor, Jonathan"]
[Result "1/2-1/2"]
[WhiteElo "2314"]
[BlackElo "2159"]
[PlyCount "0"]
[EventDate "2020.08.01"]
[EventRounds "9"]
[EventCountry "IRL"]

1. c4 {[%clk 02:15:53]} {[%emt 00:00:17]} Nf6 {[%emt 00:00:17]} 2. Nc3 {[%clk
02:16:13]} {[%emt 00:00:05]} c5 {[%emt 00:00:22]} 3. Nf3 {[%clk 02:16:30]}
{[%emt 00:00:07]} e6 {[%emt 00:00:30]} 4. g3 {[%clk 02:16:34]} {[%emt
00:00:22]} d5 {[%emt 00:01:08]} 5. cxd5 {[%clk 02:16:48]} {[%emt 00:00:15]}
exd5 {[%emt 00:00:19]} 6. d4 {[%clk 02:17:01]} {[%emt 00:00:15]} Nc6 {[%emt
00:00:17]} 7. Bg2 {[%clk 02:17:26]} {[%emt 00:00:03]} cxd4 {[%emt 00:00:28]} 8.
Nxd4 {[%clk 02:17:49]} {[%emt 00:00:03]} Bc5 {[%emt 00:00:16]} 9. Nb3 {[%clk
02:18:08]} {[%emt 00:00:09]} Bb6 {[%emt 00:00:19]} 10. O-O {[%clk 02:18:15]}
{[%emt 00:00:18]} d4 {[%emt 00:00:59]} 11. Na4 {[%clk 02:18:32]} {[%emt
00:00:11]} O-O {[%emt 00:00:24]} 12. Bg5 {[%clk 02:18:29]} {[%emt 00:00:27]} h6
{[%emt 00:03:40]} 13. Bxf6 {[%clk 02:17:47]} {[%emt 00:00:43]} Qxf6 {[%emt
00:00:12]} 14. Nxb6 {[%clk 02:18:15]} {[%emt 00:00:03]} axb6 {[%emt 00:00:15]}
15. Bxc6 {[%clk 02:18:33]} {[%emt 00:00:15]} bxc6 {[%emt 00:00:14]} 16. Qxd4
{[%clk 02:18:56]} {[%emt 00:00:05]} Qd8 {[%emt 00:00:29]} 17. Rfd1 {[%clk
01:55:43]} {[%emt 00:23:34]} Be6 {[%emt 00:06:49]} 18. Qc3 {[%clk 01:49:49]}
{[%emt 00:06:20]} Qe8 {[%emt 00:18:37]} 19. Nd4 {[%clk 01:34:22]} {[%emt
00:15:34]} c5 {[%emt 00:06:40]} 20. Nxe6 {[%clk 01:19:58]} {[%emt 00:14:30]}
Qxe6 {[%emt 00:00:38]} 21. Qe3 {[%clk 01:20:08]} {[%emt 00:00:22]} Qxe3 {[%emt
00:03:47]} 22. fxe3 {[%clk 01:19:30]} {[%emt 00:00:01]} Rfd8 {[%emt 00:00:56]}
23. a3 {[%clk 01:19:46]} {[%emt 00:00:09]} Kf8 {[%emt 00:00:31]} 24. Rd3 {[%clk
01:20:02]} {[%emt 00:00:15]} Re8 {[%emt 00:07:50]} 25. Kf2 {[%clk 01:16:37]}
{[%emt 00:01:07]} Re6 {[%emt 00:00:31]} 26. Rc1 {[%clk 01:14:19]} {[%emt
00:02:48]} Ke7 {[%emt 00:32:21]} 27. Rc4 {[%clk 01:05:23]} {[%emt 00:09:16]}
Re5 {[%emt 00:01:45]} 28. Kf3 {[%clk 01:04:20]} {[%emt 00:01:28]} Ke6 {[%emt
00:10:16]} 29. Re4 {[%clk 00:56:55]} {[%emt 00:07:45]} Rxe4 {[%emt 00:03:45]}
30. Kxe4 {[%clk 00:57:26]} {[%emt 00:00:01]} Ra4+ {[%emt 00:00:42]} 31. Kf3
{[%clk 00:57:48]} {[%emt 00:00:09]} Ra8 {[%emt 00:00:19]} 32. h3 {[%clk
00:47:06]} {[%emt 00:11:13]} Rc8 {[%emt 00:03:12]} 33. a4 {[%clk 00:41:40]}
{[%emt 00:05:56]} Ra8 {[%emt 00:01:56]} 34. b3 {[%clk 00:40:46]} {[%emt
00:01:26]} b5 {[%emt 00:00:49]} 35. axb5 {[%clk 00:40:57]} {[%emt 00:00:17]}
Rb8 {[%emt 00:00:12]} 36. e4 {[%clk 00:37:49]} {[%emt 00:03:41]} Rxb5 {[%emt
00:00:40]} 37. e3 {[%clk 00:38:14]} {[%emt 00:00:06]} h5 {[%emt 00:01:14]} 38.
Kf4 {[%clk 00:35:10]} {[%emt 00:03:34]} g6 {[%emt 00:00:35]} 39. Rc3 {[%clk
00:29:51]} {[%emt 00:05:46]} f6 {[%emt 00:08:47]} 40. Rd3 {[%clk 00:27:48]}
{[%emt 00:02:27]} g5+ {[%emt 00:02:43]} 41. Kf3 {[%clk 00:28:15]} {[%emt
00:00:03]} Rb4 {[%emt 00:09:02]} 42. Rd5 {[%clk 00:24:40]} {[%emt 00:01:50]}
Rxb3 {[%emt 00:01:40]} 43. Rxc5 {[%clk 00:25:05]} {[%emt 00:00:04]} Rb2 {[%emt
00:00:48]} 44. Rc6+ {[%clk 00:21:20]} {[%emt 00:03:55]} Ke5 {[%emt 00:00:26]}
45. Rc5+ {[%clk 00:14:37]} {[%emt 00:07:14]} Ke6 {[%emt 00:01:15]} 46. Rc6+
{[%clk 00:14:31]} {[%emt 00:00:36]}  1/2-1/2